000 005470000a22001690004500
003 MACL
005 20160224163427.0
008 160224b xxu||||| |||| 00| 0 eng d
040 _aMACL
_cMACL
041 _aHindi
082 _a800
100 _aनेहरू जवाहरलाल
_938111
245 _aपिता के पत्र पुत्री के नाम
260 _bइलाहाबाद लॉ जर्नल प्रेस
_aइलाहाबाद
650 _aLiterature
_940145
942 _cHIN
_k800
_2ddc
999 _c23275
_d23275